Classé deuxième au Ballon d'Or - Statistiques

Statistiques générales
  • Ce quiz a été pris 100 fois
  • Le résultat moyen est 34 sur 67
Statistiques - réponses
Année Joueur Nationalité % Correct
2007 Cristiano Ronaldo Portugais
100%
2009 Cristiano Ronaldo Portugais
100%
2011 Cristiano Ronaldo Portugais
100%
2012 Cristiano Ronaldo Portugais
100%
2015 Cristiano Ronaldo Portugais
100%
2018 Cristiano Ronaldo Portugais
100%
2008 Lionel Messi Argentine
100%
2013 Lionel Messi Argentin
100%
2014 Lionel Messi Argentin
100%
2016 Lionel Messi Argentin
100%
2017 Lionel Messi Argentin
100%
1996 Ronaldo Brésilien
100%
2010 Andrés Iniesta Espagnol
97%
2000 Zinédine Zidane Français
93%
2003 Thierry Henry Français
91%
2006 Gianluigi Buffon Italien
84%
2019 Virgil van Dijk Néerlandais
83%
2004 Deco Portugais
68%
1974 Franz Beckenbauer Allemand
68%
1975 Franz Beckenbauer Allemand
68%
1962 Eusébio Portugais
67%
1966 Eusébio Portugais
67%
2001 Raúl Espagnol
67%
1972 = Gerd Müller Allemand
66%
2005 Frank Lampard Anglais
65%
1959 Raymond Kopa Français
65%
1994 Roberto Baggio Italien
65%
1999 David Beckham Anglais
64%
1998 Davor Suker Croate
64%
1988 Ruud Gullit Néerlandais
64%
1956 Alfredo Di Stéphano Espagnol
62%
2002 Roberto Carlos Brésilien
59%
1969 Luigi Riva Italien
57%
1960 Ferenc Puskás Hongrois
55%
1992 Hristo Stoichkov Bulgare
55%
1982 Alain Giresse Français
48%
1991 = Lothar Matthäus Allemand
48%
1967 Bobby Charlton Anglais
46%
1968 Bobby Charlton Anglais
46%
1984 Jean Tigana Français
41%
1979 Karl-Heinz Rummenigge Allemand
35%
1993 Dennis Bergkamp Néerlandais
33%
1995 Jürgen Klinsmann Allemand
28%
1961 Luis Suárez Espagnol
28%
1964 Luis Suárez Espagnol
28%
1986 Gary Lineker Anglais
26%
1989 Franco Baresi Italien
23%
1997 Predrag Mijatović Yougoslave
23%
1983 Kenny Dalglish Écossais
22%
1970 Bobby Moore Anglais
20%
1991 = Dejan Savićević Yougoslave
20%
1977 Kevin Keegan Anglais
20%
1963 Gianni Rivera Italien
18%
1973 Dino Zoff Italien
14%
1987 Paulo Futre Portugais
12%
1991 = Darko Pančev Yougoslave
11%
1981 Paul Breitner Allemand
11%
1990 Salvatore Schillaci Italien
8%
1985 Preben Elkjær Larsen Danois
7%
1965 Giacinto Facchetti Italien
6%
1980 Bernd Schuster Allemand
4%
1971 Alessandro Mazzola Italien
3%
1958 Helmut Rahn Allemand
3%
1957 Billy Wright Anglais
2%
1972 = Günter Netzer Allemand
2%
1978 Hans Krankl Autrichien
2%
1976 Rob Rensenbrink Néerlandais
2%
Aucun quiz correspondant
Distribution des résultats
% des personnes avec chaque résultat
Percentile par nombre de réponses
Votre historique - résultats
Vous n’avez pas pris ce quiz